| 000 | 00971cam a2200265 4500 | ||
|---|---|---|---|
| 001 | |||
| 008 | #DATE n2001 000 0 eng u | ||
| 020 | _a0582303001 | ||
| 035 | _a(Sirsi) u118909 | ||
| 041 | _aeng | ||
| 050 | _a711.52 | ||
| 245 | _aApproaching urban design | ||
| 260 |
_aHarlow _bPearson _c2001 |
||
| 300 |
_a186p. _c25cm. |
||
| 350 | _a25.99 | ||
| 490 | _aExploring Town Planning | ||
| 520 | _aServes as an introduction to the subject of urban design through a discussion of current issues, approaches and real-world examples. The text is divided into the following five sections: understanding the city in terms of design; approaching the design task; undertaking the design task; the project in practice; and information. | ||
| 650 | _aTOWN PLANNING | ||
| 650 | _aURBAN DESIGN | ||
| 650 | _aURBAN ENVIRONMENT | ||
| 690 |
_aPlanning and development _96259 |
||
| 700 |
_aGreed, C. _xEditor |
||
| 700 |
_aRoberts, M. _xEditor |
||
| 942 | _n0 | ||
| 999 |
_c102194 _d102194 |
||